| Tag |
First Indicator |
Second Indicator |
Subfields |
| LEADER |
00000cam a2200000 4500 |
| 001 |
in00000355421 |
| 005 |
20151011061617.0 |
| 008 |
771005s1948 enk 00000bengmc |
| 010 |
|
|
|a a 51002366
|
| 035 |
|
|
|a (OCoLC)03320558
|
| 035 |
|
|
|9 ABM8540AM
|
| 040 |
|
|
|a Yale Univ. Library
|c TXA
|d TXA
|d UtOrBLW
|
| 049 |
|
|
|a TXAM
|c [177742]
|
| 090 |
|
|
|a HB103.H6
|b B7
|
| 100 |
1 |
|
|a Brailsford, Henry Noel,
|d 1873-1958.
|
| 245 |
1 |
4 |
|a The life-work of J. A. Hobson.
|
| 264 |
|
1 |
|a London :
|b Oxford University Press,
|c 1948.
|
| 300 |
|
|
|a 29 pages ;
|c 23 cm.
|
| 336 |
|
|
|a text
|b txt
|2 rdacontent
|
| 337 |
|
|
|a unmediated
|b n
|2 rdamedia
|
| 338 |
|
|
|a volume
|b nc
|2 rdacarrier
|
| 490 |
1 |
|
|a L. T. Hobhouse memorial trust lecture,
|v no. 17
|
| 600 |
1 |
0 |
|a Hobson, J. A.
|q (John Atkinson),
|d 1858-1940.
|
| 830 |
|
0 |
|a L.T. Hobhouse memorial trust lecture ;
|v no. 17.
|
| 999 |
|
|
|a MARS
|
| 999 |
f |
f |
|s 6ba13b7c-e201-3ea8-bb6c-f076bd5f369e
|i 400b3be1-246d-38b0-a07b-9dae250ff79e
|t 0
|
| 952 |
f |
f |
|p ric
|a Texas A&M University
|b Rellis Campus
|c Joint Library Facility
|d Remote Storage
|t 0
|e HB103.H6 B7
|h Library of Congress classification
|i unmediated -- volume
|m A14802530927
|
| 998 |
f |
f |
|a HB103.H6 B7
|t 0
|l Remote Storage
|